Fuentes documentales para el estudio del español colonial de Costa Rica

Salvato in:
Dettagli Bibliografici
Autore principale: Quesada Pacheco, Miguel Angel
Natura: Libro
Lingua:Undetermined
Pubblicazione: San José, Costa Rica Litografía Tibás 1980
Soggetti:
Tags: Aggiungi Tag
Nessun Tag, puoi essere il primo ad aggiungerne!!

MARC

LEADER 00000nam a2200000Ia 4500
008 170316s9999 xx 000 0 und d
090 |a 410 Q-3f 
100 |a Quesada Pacheco, Miguel Angel 
245 |a Fuentes documentales para el estudio del español colonial de Costa Rica 
260 |a San José, Costa Rica 
260 |b Litografía Tibás 
260 |c 1980 
300 |a 86 páginas 
650 |a LINGÜÍSTICA 
999 |c 18694  |d 18694 
040 |a cru BVZT 
942 |c 15 D  |h 410 Q-3f  |2 z